| 000 | 00505cam a22001571 4500 | ||
|---|---|---|---|
| 082 |
_a907 _bBUT _cL-29, P-30 |
||
| 100 | 1 |
_aButterfield, Herbert, _946080 |
|
| 245 | 1 | 0 |
_aMan on his past; _bthe study of the history of historical scholarship. _cWith a new pref. by the author. |
| 260 |
_aBoston, _bBeacon Press _c[1960] |
||
| 300 |
_a237 p. _c21 cm. |
||
| 490 | 0 | _aBeacon paperback | |
| 526 |
_a0 _b0 _c0 _d907_000000000000000_BUT |
||
| 650 | 0 |
_aHistoriography. _946081 |
|
| 650 | 0 |
_aMCE _9379 |
|
| 942 |
_2ddc _cBK |
||
| 999 |
_c549426 _d549426 |
||